Oración fúnebre en las honras capitulares que hace la Betica Provincia de N.S.P. Agustín de la observancia, ...

Detalles Bibliográficos
Autor principal: Francisco Tomás ( Fray )
Formato: Libro
Publicado: Sevilla 1682
Materias:
Colección:Banco de datos
Acervo:Biblioteca del Ex Convento de Nuestra Señora de Guadalupe. Zacatecas
Tema general:Homilética
Notas:Buena. XIII,1,1 (4415). Encuadernado con trece obras más
LEADER 00777nam a22001930004500
035 |a 46703 
036 |a 7887 
100 1 |a Francisco Tomás ( Fray ) 
245 1 0 |a Oración fúnebre en las honras capitulares que hace la Betica Provincia de N.S.P. Agustín de la observancia, ... 
260 |a Sevilla  |b imp. Tomás López de Haro  |c 1682 
500 |a Buena. XIII,1,1 (4415). Encuadernado con trece obras más 
650 1 0 |a Homilética 
949 |a CRZ-CG 
959 |a Ex convento de Nuestra Señora de Guadalupe, Museo Regional de Zacatecas, Zacatecas  |b CCC4 
960 |a Convento de Nuestra Señora de Guadalupe, Zacatecas  |b DD87 
961 |a Franciscana  |b OF 
942 |c CRZ-CG 
943 |g Biblioteca del Ex Convento de Nuestra Señora de Guadalupe. Zacatecas 
999 |c 970830  |d 970830